|
|
|
|
| LEADER |
00000naa a2200000uu 4500 |
| 001 |
vtls010929626 |
| 003 |
SK-MaSNL |
| 005 |
20260302141014.0 |
| 008 |
210909|1999 xo |||||||||||||||||slo| |
| 015 |
|
|
|a SNBRA
|
| 035 |
|
|
|a (urnnbn)urn:nbn:sk:snk:ar-a0b2pe
|
| 035 |
|
|
|a (uuid)dfc5599a-21c0-42e0-8291-a8c3349c8639
|
| 035 |
|
|
|a urn:nbn:sk:snk-aatv8e
|
| 040 |
|
|
|a SNKBUCL
|b slo
|c SNKBUCL
|e AACR2
|
| 041 |
0 |
|
|a slo
|
| 044 |
|
|
|a xo
|c SK
|
| 100 |
1 |
|
|a Piešová, Elena,
|d 1954-
|4 aut
|9 198388
|
| 245 |
1 |
0 |
|a FREKVENCIA MIKROJADIER U PREŽÚVAVCOV V PRIEMYSELNE EXPONOVANEJ OBLASTI
|c E. Piešová, J. Dianovský, K. Šiviková
|
| 246 |
3 |
|
|a FREQUENCY OF MICRONUCLEI IN RUMINANTS IN THE EMISSION POLLUTED ENVIRONMENT
|
| 700 |
1 |
|
|a Dianovský, Ján,
|d 1949-
|4 aut
|9 196012
|
| 700 |
1 |
|
|a Šiviková, K.
|4 aut
|9 777567
|
| 773 |
0 |
|
|t O ekológii vo vybraných aglomeráciách Jelšavy-Lubeníka a stredného Spiša
|d Košice : U[niverzita] v[eterinárneho] l[ekárstva], 1999
|g S. 252-254
|z 8088985072
|
| 958 |
|
|
|a OND
|
| 958 |
|
|
|a article11
|
| 958 |
|
|
|a chapter
|
| 999 |
|
|
|c 1333753
|d 1335683
|